000 00761nam a2200229Ia 4500
001 15996
003 GE_BSU
008 181216s||||||||xx |||||||||||||| ||und||
040 _cGE_BSU
080 _a821.353.1-1
100 _aჯიშკარიანი, ეთერ
245 _aგაცოცხლებული ფრესკები
245 _bლექსები
245 _cრედ. რ.ნაჭყებია. მხ. გ. კოხრეიძე
260 _aქუთაისი
260 _bსაბჭ. საქართველო
260 _c1984
300 _a93გვ. ; 16სმ.
653 _aგაცოცხლებული ფრესკები
653 _aლექსები
942 _cBK
999 _c49089
_d49089